[Event "ICS Rated blitz match"]
[Site "204.178.125.65"]
[Date "2000.02.27"]
[Round "?"]
[White "Hossa"]
[Black "star"]
[Result "1-0"]
[WhiteElo "2470"]
[BlackElo "2623"]
[PlyCount "287"]

1. e4 c5 2. c3 Nf6 3. e5 Nd5 4. d4 cxd4 5. Qxd4 e6 6. Nf3 Nc6 7. Qe4 d6 8. Nbd2
Be7 9. Nc4 dxe5 10. Ncxe5 Nxe5 11. Nxe5 O-O 12. Bd3 f5 13. Qd4 Nb4 14. Qxd8
Rxd8 15. cxb4 Bf6 16. Bf4 Bxe5 17. Bxe5 Rxd3 18. O-O Bd7 19. Rfe1 Rc8 20. Rad1
Rxd1 21. Rxd1 Bb5 22. h3 Rc4 23. Rd8+ Kf7 24. Rh8 Re4 25. Bc3 Kg6 26. Rc8 Bc6
27. Rc7 e5 28. f4 exf4 29. b5 Bd5 30. Rxg7+ Kh6 31. Rd7 Bxa2 32. Rxb7 Bc4 33.
Rxa7 Bxb5 34. Ra5 Bd3 35. Rd5 Bc4 36. Rxf5 Kg6 37. Rc5 Bb3 38. h4 Kf7 39. Kf2
h6 40. Ra5 f3 41. Ra7+ Ke8 42. gxf3 Rxh4 43. Kg3 Rh5 44. Rh7 Bg8 45. Rh8 Kf7
46. f4 Rh1 47. Kg2 Rh4 48. f5 Rh5 49. f6 Rh4 50. Kg3 Rh1 51. Kg4 Ke6 52. Kf3
Kf7 53. Kg3 Rh5 54. Kf4 Rh4+ 55. Ke5 Rh1 56. Kd5 Kf8+ 57. Kd6 h5 58. b4 Rd1+
59. Kc5 Rc1 60. Kd4 Kf7 61. b5 Rd1+ 62. Ke4 Rb1 63. Rxh5 Kg6 64. Rc5 Be6 65.
Bd4 Bf7 66. Kf4 Rb4 67. Ke5 Rb3 68. Rc1 Rxb5+ 69. Bc5 Ra5 70. Rg1+ Kh5 71. Kd6
Ra6+ 72. Ke7 Bc4 73. Bd4 Re6+ 74. Kd7 Re4 75. Bc3 Rf4 76. Be5 Rf5 77. Kd6 Kh6
78. Rg4 Ba2 79. Rg7 Bc4 80. Rg3 Kh5 81. Rc3 Ba2 82. Rc2 Bg8 83. Rg2 Bb3 84. Rg7
Kh6 85. Rg3 Bc4 86. Rg2 Kh5 87. Rg3 Kh6 88. Rc3 Ba2 89. Rc2 Bg8 90. Rg2 Bc4 91.
Bc3 Rd5+ 92. Ke7 Rb5 93. Bd4 Bb3 94. Be3+ Kh7 95. Rg7+ Kh8 96. Rg4 Kh7 97. Rg3
Bc4 98. Rg7+ Kh8 99. Rg4 Rb7+ 100. Kd6 Bb3 101. Bc5 Kh7 102. Bd4 Kh6 103. Be3+
Kh7 104. Bc5 Kh6 105. Rg3 Bc4 106. Rg2 Rb3 107. Rc2 Bf7 108. Rf2 Rb1 109. Rg2
Re1 110. Kd7 Be6+ 111. Kd8 Re5 112. Bd6 Rf5 113. Ke7 Bb3 114. Rg3 Ba2 115. Rg7
Rf3 116. Be5 Re3 117. Kd6 Rd3+ 118. Kc7 Bb3 119. f7 Rf3 120. Kc6 Rxf7 121. Rg3
Bc4 122. Rg4 Be6 123. Rg1 Rd7 124. Bf6 Bf5 125. Re1 Kg6 126. Bh8 Rd8 127. Be5
Be6 128. Rf1 Bc4 129. Rf6+ Kh5 130. Rf5+ Kg6 131. Rf4 Rc8+ 132. Kd7 Be6+ 133.
Ke7 Bf5 134. Rf3 Rc7+ 135. Bxc7 Bg4 136. Rf2 Bf5 137. Kd6 Kg5 138. Ke5 Kg4 139.
Rxf5 Kg3 140. Ke4+ Kg2 141. Bd6 Kh3 142. Kf3 Kh4 143. Be5 Kh3 144. Rh5# 1-0

[Event "ICS rated blitz match"]
[Site "204.178.125.65"]
[Date "2000.02.27"]
[Round "?"]
[White "star"]
[Black "Hossa"]
[Result "1-0"]
[WhiteElo "2600"]
[BlackElo "2493"]
[PlyCount "129"]

1. e4 c5 2. Nf3 e6 3. d4 cxd4 4. Nxd4 Nf6 5. Nc3 d6 6. Bg5 Be7 7. f4 h6 8. Bh4
Nxe4 9. Bxe7 Nxc3 10. Bxd8 Nxd1 11. Bc7 Ne3 12. Bxd6 Nc6 13. Nxc6 bxc6 14. Kf2
Nxf1 15. Rhxf1 Ba6 16. Rfd1 O-O-O 17. Rd4 Rd7 18. Rad1 g5 19. b3 Rhd8 20. g3
Kb7 21. c4 gxf4 22. gxf4 h5 23. Ke3 h4 24. Ke4 Kc8 25. f5 exf5+ 26. Kxf5 Rh8
27. Kg4 h3 28. R4d3 Rdd8 29. Be5 Rdg8+ 30. Kf5 Rh5+ 31. Kf6 Rh7 32. Rd7 Rg6+
33. Kf5 Rh5+ 34. Kf4 Rxe5 35. Kxe5 Re6+ 36. Kf4 Re2 37. Rd8+ Kc7 38. R1d7+ Kb6
39. Kg3 f5 40. Rf7 f4+ 41. Kxh3 Rxa2 42. Rb8+ Kc5 43. Rxf4 Rb2 44. Kg3 Rb1 45.
h4 Kd6 46. Rd8+ Kc7 47. Rd3 Bc8 48. h5 Kb8 49. h6 Rh1 50. Rh4 Rg1+ 51. Kf4 Rg8
52. h7 Rh8 53. Rg3 Be6 54. Ke5 Bf7 55. Rg7 Bxc4 56. Rxc4 Re8+ 57. Kd6 Rd8+ 58.
Rd7 Rf8 59. Rb4+ Ka8 60. Rg4 Rf6+ 61. Kc5 Rf5+ 62. Kc4 Rf8 63. Rg8 Rb8 64.
Rxb8+ Kxb8 65. h8=Q# 1-0

[Event "ICS rated blitz match"]
[Site "204.178.125.65"]
[Date "2000.02.27"]
[Round "?"]
[White "Hossa"]
[Black "star"]
[Result "0-1"]
[WhiteElo "2482"]
[BlackElo "2611"]
[PlyCount "114"]

1. d4 Nf6 2. c4 g6 3. Nc3 Bg7 4. e4 d6 5. Nf3 O-O 6. Be2 e5 7. Be3 c6 8. O-O
Ng4 9. Bg5 f6 10. Bh4 g5 11. h3 gxh4 12. hxg4 Bxg4 13. Nxh4 f5 14. Nxf5 Bxf5
15. dxe5 Bg6 16. Qxd6 Qxd6 17. exd6 Nd7 18. Rac1 Nc5 19. f3 a5 20. Rcd1 Be5 21.
Rd2 Rad8 22. Nd1 Bxd6 23. Rc2 Ne6 24. Nc3 Nd4 25. Rcc1 Nxe2+ 26. Nxe2 Bc5+ 27.
Kh1 Rd2 28. Nc3 Rf6 29. Na4 Bf2 30. Rxf2 Rxf2 31. Rd1 b5 32. Kg1 Re2 33. cxb5
cxb5 34. Nc5 Rxb2 35. a3 Rc6 36. Nd3 Ra2 37. Ne5 Rcc2 38. Kh2 Rxg2+ 39. Kh3
Rgd2 40. Rb1 Rxa3 41. Rxb5 Bxe4 42. Kg4 Bxf3+ 43. Nxf3 Rg2+ 44. Kf4 Rf2 45.
Rb8+ Kf7 46. Rb7+ Ke6 47. Rxh7 Rfxf3+ 48. Kg4 Rfc3 49. Rh6+ Ke5 50. Rh5+ Ke4
51. Kg5 Rc5+ 52. Kf6 Rxh5 53. Kf7 Rg3 54. Ke6 Rh6+ 55. Kf7 Rh7+ 56. Kf8 a4 57.
Ke8 Rg8# 0-1

[Event "ICS Rated standard match"]
[Site "204.178.125.65"]
[Date "2000.02.27"]
[Round "?"]
[White "lambChop"]
[Black "Hossa"]
[Result "1-0"]
[WhiteElo "2256"]
[BlackElo "2250"]
[PlyCount "125"]

1. d4 Nf6 2. c4 e6 3. Nf3 b6 4. e3 Bb7 5. Bd3 Bb4+ 6. Bd2 Bxd2+ 7. Nbxd2 c5 8.
O-O d6 9. Ng5 O-O 10. Qc2 g6 11. dxc5 bxc5 12. f4 Ng4 13. Rae1 Nc6 14. a3 Re8
15. h3 Nf6 16. Qc3 Nh5 17. b4 f6 18. Ngf3 cxb4 19. axb4 f5 20. c5 Ng3 21. Rf2
Ne7 22. Nd4 Nd5 23. Qb3 Rb8 24. c6 Bc8 25. b5 Qa5 26. Rc1 Nf6 27. Kh2 Nfh5 28.
Nc4 Qc7 29. Ra1 d5 30. Ne5 a6 31. Qa3 axb5 32. Nxb5 Qg7 33. Qa7 Qxa7 34. Rxa7
Rf8 35. Nd6 Ne4 36. Bxe4 fxe4 37. Ng4 d4 38. Nh6+ Kh8 39. Ndf7+ Kg7 40. Ng5+
Bb7 41. Ng4 dxe3 42. Rb2 Rfc8 43. Rbxb7+ Rxb7 44. cxb7 Rb8 45. Nxe6+ Kf7 46.
Ng5+ Ke7 47. Nxe3 Nxf4 48. Nxe4 Nd3 49. Kg3 Kd7 50. Ra3 Nc1 51. Nf6+ Ke6 52.
Ra6+ Kf7 53. Ne4 Kg7 54. Nc5 Ne2+ 55. Kh2 Nd4 56. Rd6 Ne2 57. Rd7+ Kf6 58. Ng4+
Kg5 59. g3 Nc3 60. Re7 Kh5 61. Re5+ g5 62. Re6 Rxb7 63. Rh6# 1-0

[Event "ICS rated bullet match"]
[Site "204.178.125.65"]
[Date "2000.02.27"]
[Round "?"]
[White "lambChop"]
[Black "Hossa"]
[Result "1-0"]
[WhiteElo "2435"]
[BlackElo "2413"]
[PlyCount "121"]

1. e4 c5 2. Nf3 d6 3. d4 cxd4 4. Nxd4 Nf6 5. Nc3 a6 6. Be3 e5 7. Nb3 Be7 8. Bc4
O-O 9. O-O Nc6 10. Qe2 Re8 11. Rad1 b5 12. Bd5 Bd7 13. f3 b4 14. Qc4 bxc3 15.
Bxf7+ Kf8 16. Bxe8 Qxe8 17. Qxc3 Rc8 18. Qe1 Qf7 19. Kh1 a5 20. Qe2 a4 21. Nc1
Nb4 22. Rd2 Nxa2 23. Nd3 a3 24. bxa3 Ra8 25. Qe1 Rxa3 26. f4 Nxe4 27. fxe5 Bf5
28. g4 Nxd2 29. Rxf5 Bf6 30. Qxd2 Qb7+ 31. Qg2 Qxg2+ 32. Kxg2 Rc3 33. exf6
Rxc2+ 34. Kg3 Rc4 35. Nf4 gxf6 36. Rxf6+ Ke8 37. Rxd6 Nc3 38. Kf3 Rc7 39. g5
Ke7 40. Rd5 Ke8 41. Re5+ Kf7 42. Bc5 Rb7 43. Rf5+ Ke8 44. Rf8+ Kd7 45. Rf7+ Kc6
46. Be7 Rb1 47. Rxh7 Rf1+ 48. Kg4 Kb5 49. h4 Rh1 50. g6 Rg1+ 51. Kf5 Rf1 52.
Bg5 Re1 53. g7 Re8 54. Rh8 Re1 55. Rb8+ Ka5 56. g8=Q Rb1 57. Qd8+ Ka6 58. Qc8+
Ka5 59. Qc5+ Ka6 60. Qa3+ Na4 61. Qxa4# 1-0

[Event "ICS rated blitz match"]
[Site "204.178.125.65"]
[Date "2000.02.27"]
[Round "?"]
[White "j724"]
[Black "Hossa"]
[Result "0-1"]
[WhiteElo "2092"]
[BlackElo "2472"]
[PlyCount "74"]

1. d4 Nf6 2. Nf3 e6 3. Bf4 d5 4. e3 Bd6 5. Ne5 O-O 6. Bd3 Nbd7 7. Nd2 Re8 8. c3
Bxe5 9. dxe5 Nc5 10. Bc2 Nfe4 11. f3 Nxd2 12. Qxd2 b6 13. O-O-O Ba6 14. Qf2 Bc4
15. Kb1 Qe7 16. Qg3 Nd7 17. Bh6 f6 18. exf6 Nxf6 19. Bg5 c5 20. Rhe1 Qf7 21. e4
dxe4 22. fxe4 e5 23. Rd2 Bxa2+ 24. Ka1 Bc4 25. Rf2 Qg6 26. Bxf6 Qxg3 27. hxg3
Rf8 28. b3 Ba6 29. c4 gxf6 30. Rd1 Bc8 31. Rd6 Kg7 32. Bd1 Rb8 33. g4 Rb7 34.
g5 f5 35. Rd5 Re7 36. Bc2 f4 37. Bd1 Bb7 0-1

[Event "ICS rated blitz match"]
[Site "204.178.125.65"]
[Date "2000.02.27"]
[Round "?"]
[White "j724"]
[Black "Hossa"]
[Result "0-1"]
[WhiteElo "2086"]
[BlackElo "2478"]
[PlyCount "62"]

1. d4 Nf6 2. Nf3 e6 3. Bf4 d5 4. e3 Bd6 5. Ne5 O-O 6. Bd3 Nbd7 7. Nd2 Re8 8. g4
Be7 9. g5 Nxe5 10. dxe5 Nd7 11. h4 Nc5 12. Be2 c6 13. c3 a5 14. Nf3 a4 15. Qc2
a3 16. b4 Ne4 17. Bd3 Bd7 18. Bxe4 dxe4 19. Qxe4 b6 20. Rd1 Kh8 21. O-O Kg8 22.
Qc4 Ra7 23. Nd2 Qc7 24. Ne4 Bc8 25. Nd6 Rd8 26. Rd2 Ba6 27. b5 cxb5 28. Qxc7
Rxc7 29. Rc1 b4 30. c4 Rc5 31. Rdd1 Bxc4 0-1

[Event "ICS rated standard match"]
[Site "204.178.125.65"]
[Date "2000.02.27"]
[Round "?"]
[White "BMG"]
[Black "Hossa"]
[Result "0-1"]
[WhiteElo "1958"]
[BlackElo "2234"]
[PlyCount "126"]

1. e4 e5 2. Nc3 Nf6 3. Bc4 Nxe4 4. Qh5 Nd6 5. Bb3 Nc6 6. Nb5 g6 7. Qf3 Nf5 8.
g4 a6 9. gxf5 axb5 10. fxg6 Qe7 11. Qxf7+ Kd8 12. d3 Qxf7 13. gxf7 Nd4 14. Ne2
Nxb3 15. cxb3 Ke7 16. f4 Kxf7 17. fxe5 Ke6 18. Bd2 Bc5 19. d4 Be7 20. Nf4+ Kf5
21. Rf1 Ke4 22. Ne2 c6 23. O-O-O Re8 24. Rf4+ Kd5 25. Nc3+ Ke6 26. Rdf1 Rg8 27.
Be1 Bg5 28. Bg3 b4 29. Na4 Bxf4+ 30. Rxf4 Ra5 31. Nc5+ Kd5 32. Kd2 Rxa2 33. Kd3
b6 34. Rf6 Rg6 35. Na4 Ba6+ 36. Kc2 Rxf6 37. exf6 Ra1 38. Nxb6+ Ke6 39. Be5 d6
40. Bg3 Rf1 41. Nc4 Bxc4 42. bxc4 Rxf6 43. Kb3 c5 44. dxc5 dxc5 45. Bc7 Rf2 46.
Bg3 Rf8 47. Ka4 Rf5 48. Kb5 b3 49. Ka4 Rf1 50. Kxb3 Kd7 51. Ka4 Kc6 52. Kb3 h5
53. Kc3 Kd7 54. b4 Rc1+ 55. Kb3 Rb1+ 56. Kc3 Rxb4 57. Be5 h4 58. Bf4 h3 59. Bg3
Rb1 60. Bf4 Rf1 61. Bg3 Rf3+ 62. Kd2 Rxg3 63. hxg3 h2 0-1

[Event "ICS rated blitz match"]
[Site "204.178.125.65"]
[Date "2000.02.27"]
[Round "?"]
[White "Hossa"]
[Black "PostModernist"]
[Result "1/2-1/2"]
[WhiteElo "2481"]
[BlackElo "2557"]
[PlyCount "228"]

1. d4 d5 2. c4 e6 3. Nc3 c5 4. cxd5 exd5 5. Nf3 Nc6 6. Bg5 Be7 7. Bxe7 Ngxe7 8.
e3 cxd4 9. Nxd4 O-O 10. Nxc6 bxc6 11. Be2 Rb8 12. b3 Ng6 13. O-O Qg5 14. Re1
Bh3 15. g3 Rfe8 16. Qd4 Qe7 17. Na4 Ne5 18. Nc5 Bg4 19. Bxg4 Nxg4 20. Qxg4 Qxc5
21. Rac1 Qa5 22. Re2 Qc7 23. Rec2 Rb6 24. Qa4 Re6 25. Rc5 Qd7 26. Qg4 Qe8 27.
Qf4 f6 28. Qc7 Re7 29. Qd6 Rd7 30. Qf4 Qe6 31. Qa4 Rc7 32. R1c2 h6 33. Qf4 Rd7
34. Rc1 Rd6 35. Qa4 Qd7 36. Rd1 Rb8 37. Rd2 Rb7 38. Rdc2 Rb6 39. Ra5 Rb7 40.
Ra6 Rc7 41. Qb4 d4 42. Qb8+ Kh7 43. exd4 Rxd4 44. Rc1 Qe7 45. a3 Rb7 46. Qc8
Rxb3 47. Qf5+ g6 48. Qc8 Rxa3 49. Raxc6 Rad3 50. Re6 Qf7 51. Rxf6 Qxf6 52. Rc7+
Qg7 53. Rxg7+ Kxg7 54. h4 Rd7 55. Kh2 a5 56. Qa6 R3d5 57. Kh3 h5 58. Kg2 Re5
59. Qc6 Rde7 60. f3 Re3 61. Qb6 Re1 62. f4 R1e2+ 63. Kh3 Rd7 64. Qxa5 Rdd2 65.
Qa1+ Rb2 66. Qh1 Kh6 67. Qg1 Rec2 68. Qh1 Kg7 69. Qg1 Rf2 70. Qh1 Kh7 71. Qg1
Kh8 72. Qh1 Kg7 73. Qg1 Rfd2 74. Qa7+ Kh6 75. Qg1 Re2 76. Qh1 Kh7 77. Qg1 Rf2
78. Qh1 Rfd2 79. Qg1 Kh8 80. Qh1 Kg7 81. Qg1 Kf6 82. Qh1 Kf7 83. Qg1 Kg8 84.
Qh1 Ra2 85. Qg1 Kf7 86. Qh1 Kf8 87. Qg1 Kg7 88. Qh1 Rdb2 89. Qg1 Kg8 90. Qh1
Re2 91. Qd5+ Kh8 92. Qd4+ Kh7 93. Qg1 Kg8 94. Qh1 Kh8 95. Qg1 Red2 96. Qh1 Rf2
97. Qg1 Kh7 98. Qh1 Rfb2 99. Qg1 Rc2 100. Qh1 Kh8 101. Qg1 Rf2 102. Qh1 Rfb2
103. Qg1 Kh7 104. Qh1 Rd2 105. Qb7+ Kh6 106. Qh1 Rf2 107. Qg1 Rfe2 108. Qh1
Rec2 109. Qg1 Rf2 110. Qh1 Rfe2 111. Qg1 Kh7 112. Qh1 Rec2 113. Qb7+ Kh6 114.
Qh1 Rd2 1/2-1/2

[Event "ICS rated blitz match"]
[Site "204.178.125.65"]
[Date "2000.02.27"]
[Round "?"]
[White "PostModernist"]
[Black "Hossa"]
[Result "1-0"]
[WhiteElo "2554"]
[BlackElo "2484"]
[PlyCount "97"]

1. d4 Nf6 2. c4 e6 3. Nf3 b6 4. Nc3 Bb7 5. Bg5 h6 6. Bh4 Bb4 7. e3 Bxc3+ 8.
bxc3 d6 9. a4 g5 10. Bg3 Ne4 11. Bd3 h5 12. Qc2 Nxg3 13. hxg3 Bxf3 14. gxf3 h4
15. Kd1 c6 16. Bf1 Qf6 17. f4 gxf4 18. exf4 hxg3 19. Rxh8+ Qxh8 20. fxg3 Nd7
21. Bg2 d5 22. Qe2 Qh2 23. cxd5 cxd5 24. f5 O-O-O 25. fxe6 fxe6 26. Ra2 Qh7 27.
Rc2 Qf5 28. g4 Qf6 29. g5 Qf7 30. c4 Kb8 31. cxd5 exd5 32. Qg4 Nf8 33. Qg3+ Kb7
34. Qe5 Qd7 35. Bh3 Qf7 36. Bf5 Qh5+ 37. Re2 Qh1+ 38. Kd2 Ra8 39. Qe7+ Ka6 40.
Bd3+ Ka5 41. Qb7 Kb4 42. Qxa8 Qf3 43. Qc6 Qg4 44. Qc3+ Kxa4 45. Qa1+ Kb4 46.
Qb2+ Ka4 47. Bc2+ Ka5 48. Qa1+ Kb4 49. Qa4# 1-0

[Event "ICS rated blitz match"]
[Site "204.178.125.65"]
[Date "2000.02.27"]
[Round "?"]
[White "Hossa"]
[Black "PostModernist"]
[Result "0-1"]
[WhiteElo "2471"]
[BlackElo "2567"]
[PlyCount "170"]

1. e4 c6 2. d4 d5 3. Nc3 dxe4 4. Nxe4 Nd7 5. Ng5 Nb6 6. Bd3 g6 7. N1f3 Bg7 8.
Be3 Nh6 9. O-O Ng4 10. c4 O-O 11. Qb3 h6 12. Ne4 Nxe3 13. fxe3 Qc7 14. Rf2 Rd8
15. Raf1 Rb8 16. Nh4 Rf8 17. Qa3 Be6 18. Qa5 Ra8 19. Nc5 Qd6 20. Nxb7 Qb8 21.
Nc5 Nxc4 22. Qe1 Qd6 23. Nxe6 Qxe6 24. Nf3 c5 25. Bxc4 Qxc4 26. b3 Qb4 27. Qc1
cxd4 28. exd4 Rac8 29. Qf4 Rcd8 30. g3 g5 31. Qc7 g4 32. Ne5 Qxd4 33. Nc6 Rd7
34. Qf4 Qxf4 35. Rxf4 Rc7 36. Rc1 f5 37. Rfc4 Rf6 38. Ne5 Rxc4 39. Rxc4 Rd6 40.
Rc8+ Kh7 41. Nc6 Bf6 42. a3 a6 43. Rc7 Rd1+ 44. Kf2 Rd2+ 45. Kg1 Rc2 46. b4 Bg5
47. Kf1 h5 48. a4 f4 49. gxf4 Bxf4 50. Rxe7+ Kg8 51. b5 Bxh2 52. Ra7 g3 53.
Ne7+ Kf8 54. Ng6+ Ke8 55. Nh4 axb5 56. axb5 Rf2+ 57. Ke1 g2 58. Nxg2 Rxg2 59.
b6 Bg3+ 60. Kd1 Rh2 61. Rg7 h4 62. b7 Rb2 63. Rh7 Rb4 64. Ke2 Be5 65. Kd3 Kf8
66. Ke2 Kg8 67. Re7 Bf4 68. Kd3 h3 69. Kc3 Rb1 70. Re8+ Kf7 71. Re4 Bg3 72.
b8=R Bxb8 73. Rh4 h2 74. Rh7+ Ke6 75. Rh6+ Kd5 76. Rh7 h1=Q 77. Rxh1 Rxh1 78.
Kd3 Rh3+ 79. Ke2 Kd4 80. Kf2 Kd3 81. Kg2 Rg3+ 82. Kh2 Ke4 83. Kh1 Ke3 84. Kh2
Kf2 85. Kh1 Rg1# 0-1

[Event "ICS Rated standard match"]
[Site "204.178.125.65"]
[Date "2000.02.27"]
[Round "?"]
[White "sahina"]
[Black "Hossa"]
[Result "0-1"]
[WhiteElo "1794"]
[BlackElo "2239"]
[PlyCount "80"]

1. e4 c6 2. d4 d5 3. Nd2 dxe4 4. Nxe4 Bf5 5. Ng3 Bg6 6. Nf3 Nf6 7. Bd3 e6 8.
Bxg6 hxg6 9. Bg5 Qb6 10. b3 Ba3 11. O-O Nbd7 12. Ne5 Nxe5 13. dxe5 Nd7 14. Re1
Qa5 15. Bf4 Bb4 16. Re4 Bc3 17. Ra4 Qc7 18. Ne4 Bxa1 19. Nd6+ Kf8 20. Qxa1 Rh4
21. g3 Rh5 22. Qd4 Nb6 23. Ra3 c5 24. Qe4 Qc6 25. Qe2 Nd5 26. Qg4 Nc3 27. b4
cxb4 28. Rb3 Nxa2 29. Rf3 Qxc2 30. Be3 Qd1+ 31. Kg2 Qd5 32. Qxg6 Qxf3+ 33. Kxf3
fxg6 34. Bf4 b3 35. Nc4 Rxh2 36. Be3 Rc8 37. Nd6 b2 38. Nxc8 b1=Q 39. Bc5+ Kg8
40. Ne7+ Kf7 0-1

[Event "ICS rated blitz match"]
[Site "204.178.125.65"]
[Date "2000.02.27"]
[Round "?"]
[White "PostModernist"]
[Black "Hossa"]
[Result "1-0"]
[WhiteElo "2581"]
[BlackElo "2459"]
[PlyCount "69"]

1. d4 Nf6 2. c4 e6 3. Nf3 b6 4. e3 Bb7 5. Bd3 Bb4+ 6. Nc3 a5 7. Bd2 d5 8. cxd5
exd5 9. O-O c6 10. Ne5 O-O 11. a3 Bd6 12. f4 Re8 13. Re1 Ba6 14. Bc2 Ra7 15.
Qf3 Rae7 16. e4 dxe4 17. Nxe4 Bxe5 18. dxe5 Nxe4 19. Qxe4 g6 20. Rad1 Rd7 21.
Bc3 Qe7 22. Rxd7 Qxd7 23. Bb3 Kf8 24. e6 Qd6 25. f5 Qc5+ 26. Bd4 Qd6 27. Qh4
Rxe6 28. fxe6 Bc4 29. exf7 h5 30. Bxc4 Qd7 31. Re8+ Qxe8 32. Bg7+ Kxg7 33.
fxe8=Q b5 34. Qg8+ Kh6 35. Qh8# 1-0

[Event "ICS rated standard match"]
[Site "204.178.125.65"]
[Date "2000.02.27"]
[Round "?"]
[White "Hossa"]
[Black "Gregorio"]
[Result "0-1"]
[WhiteElo "2241"]
[BlackElo "2580"]
[PlyCount "130"]

1. e4 c5 2. Nf3 Nc6 3. d4 cxd4 4. Nxd4 Nf6 5. Nc3 d6 6. Bc4 e6 7. Be3 Be7 8.
Qe2 a6 9. Bb3 Qc7 10. O-O b5 11. Nxc6 Qxc6 12. Qd3 Bb7 13. f3 Nd7 14. Rfd1 Nc5
15. Qd4 O-O 16. Qb4 Qc7 17. a4 bxa4 18. Nxa4 Nxb3 19. Qxb3 Rab8 20. Bb6 Qc6 21.
Rd3 Ba8 22. Rc3 Qb5 23. Bc7 Qxb3 24. cxb3 Rb5 25. Nb6 Bb7 26. Nc4 d5 27. Bd6
Bf6 28. Bxf8 dxc4 29. Bd6 Bxc3 30. bxc3 cxb3 31. c4 Rb6 32. Bc5 Rc6 33. Rd1 h6
34. Ba3 a5 35. c5 Rc7 36. Rd8+ Kh7 37. Kf2 e5 38. h4 Kg6 39. g4 h5 40. Ke3 a4
41. gxh5+ Kxh5 42. Rh8+ Kg6 43. f4 Rxc5 44. h5+ Kf6 45. fxe5+ Rxe5 46. Bb2 a3
47. Bxe5+ Kxe5 48. Re8+ Kd6 49. h6 gxh6 50. Rd8+ Kc7 51. Rf8 a2 52. Rxf7+ Kb6
53. Rf6+ Bc6 54. Rf1 b2 55. e5 a1=Q 56. Rxa1 bxa1=Q 57. e6 Qe1+ 58. Kd4 Qe4+
59. Kc3 Qe3+ 60. Kc2 Ba4+ 61. Kb1 Qe1+ 62. Kb2 Qd2+ 63. Kb1 Qc2+ 64. Ka1 Bb3
65. e7 Qc1# 0-1

[Event "ICS rated blitz match"]
[Site "204.178.125.65"]
[Date "2000.02.27"]
[Round "?"]
[White "Hossa"]
[Black "xerco"]
[Result "1-0"]
[WhiteElo "2448"]
[BlackElo "2155"]
[PlyCount "89"]

1. e4 e6 2. d4 a6 3. Bd3 b5 4. Nf3 Bb7 5. O-O Nf6 6. e5 Nd5 7. Re1 c5 8. Be4
cxd4 9. Nxd4 Be7 10. Bxd5 Bxd5 11. Nf5 O-O 12. Nxe7+ Qxe7 13. Nc3 Bb7 14. a4 b4
15. Ne4 Bd5 16. Bg5 f6 17. exf6 gxf6 18. Bh6 Rf7 19. Qg4+ Kh8 20. Qh5 Nc6 21.
Nd6 Rg7 22. Bxg7+ Qxg7 23. g3 Ne5 24. Re3 Rg8 25. Rxe5 fxe5 26. Nf7+ Qxf7 27.
Qxf7 e4 28. Qxd7 h5 29. Qf7 h4 30. Qf6+ Rg7 31. Qxh4+ Kg8 32. Qd8+ Kh7 33. Qb6
b3 34. cxb3 Rf7 35. Qxa6 Bxb3 36. h4 Bd5 37. b4 e3 38. Qd3+ Kg7 39. Qxe3 Rf3
40. Qg5+ Kf7 41. Rc1 e5 42. Rc7+ Ke6 43. Re7+ Kd6 44. Qxe5+ Kc6 45. Qc7# 1-0

[Event "ICS rated standard match"]
[Site "204.178.125.65"]
[Date "2000.02.27"]
[Round "?"]
[White "LassTom"]
[Black "Hossa"]
[Result "1/2-1/2"]
[WhiteElo "1900"]
[BlackElo "2237"]
[PlyCount "32"]

1. d4 d5 2. Nf3 Nf6 3. c4 e6 4. Nc3 Be7 5. Bg5 h6 6. Bxf6 Bxf6 7. e3 O-O 8. Qb3
dxc4 9. Bxc4 Nc6 10. O-O Na5 11. Qa4 Nc6 12. Rfd1 Bd7 13. Qc2 Nb4 14. Qb3 Nc6
15. Qc2 Nb4 16. Qb3 Nc6 1/2-1/2

[Event "ICS rated blitz match"]
[Site "204.178.125.65"]
[Date "2000.02.27"]
[Round "?"]
[White "erce"]
[Black "Hossa"]
[Result "1-0"]
[WhiteElo "2493"]
[BlackElo "2440"]
[PlyCount "77"]

1. e4 c5 2. Nf3 e6 3. d4 cxd4 4. Nxd4 Nf6 5. Nc3 d6 6. g4 Nc6 7. g5 Nd7 8. Be3
Be7 9. h4 O-O 10. Qd2 a6 11. O-O-O Nxd4 12. Bxd4 b5 13. Be2 b4 14. Nb1 Qa5 15.
a3 Rb8 16. Rhg1 Bb7 17. axb4 Qa4 18. f3 Rfc8 19. h5 e5 20. Bc3 Qa2 21. g6 fxg6
22. hxg6 h6 23. b3 Nb6 24. Qe3 Rc6 25. Rg2 Rbc8 26. Rh1 d5 27. exd5 Nxd5 28.
Qxe5 Bg5+ 29. Rxg5 Qxb1+ 30. Kxb1 Nxc3+ 31. Kb2 Na4+ 32. bxa4 Rxc2+ 33. Kb1
Rxe2 34. Qxe2 Bd5 35. Rxd5 Rf8 36. Qe6+ Kh8 37. Qf7 Rxf7 38. Rd8+ Rf8 39. Rxf8#
1-0

[Event "ICS rated blitz match"]
[Site "204.178.125.65"]
[Date "2000.02.27"]
[Round "?"]
[White "Hossa"]
[Black "Zippy"]
[Result "1-0"]
[WhiteElo "2426"]
[BlackElo "2294"]
[PlyCount "195"]

1. d4 f5 2. c4 e6 3. g3 Nf6 4. Bg2 Be7 5. Nc3 d5 6. cxd5 exd5 7. Nf3 O-O 8. Ne5
c6 9. O-O Nbd7 10. Re1 Nxe5 11. dxe5 Ng4 12. f4 Qb6+ 13. e3 Be6 14. Na4 Qa6 15.
Bf1 b5 16. Nc3 Rae8 17. Bg2 b4 18. Ne2 g6 19. Bf1 Qb6 20. Nd4 Bd7 21. Bg2 Kh8
22. Bd2 Bc5 23. Nc2 a5 24. b3 Be6 25. Rc1 Rf7 26. Qe2 Bc8 27. Qf3 Ba6 28. Bf1
Bxf1 29. Qxf1 a4 30. h3 Nh6 31. Qd3 Ra7 32. Rb1 Rb8 33. Rbd1 Rba8 34. Re2 axb3
35. axb3 Ra2 36. Be1 Nf7 37. Rdd2 R2a7 38. h4 Nh6 39. h5 gxh5 40. Rg2 Ng4 41.
Rge2 Rf7 42. Nd4 h4 43. gxh4 Ra1 44. e6 Rf6 45. h5 Bd6 46. Ra2 Rxa2 47. Rxa2
Qb7 48. Bh4 Rf8 49. Nxf5 Bc5 50. Rg2 Nxe3 51. Nxe3 Qa7 52. e7 Bxe7 53. Bxe7
Qxe7 54. Qd4+ Qf6 55. Rd2 Rg8+ 56. Kf2 Qg7 57. Qxb4 Qg3+ 58. Ke2 Re8 59. Qd4+
Kg8 60. Kd3 Re4 61. Qb6 Qxf4 62. Nxd5 Qf3+ 63. Ne3 Kf7 64. h6 Re6 65. Qa7+ Ke8
66. Rg2 Qe4+ 67. Kd2 Qb4+ 68. Kc2 Rg6 69. Rxg6 Qe4+ 70. Kc3 Qxg6 71. Qa8+ Ke7
72. Qb7+ Kd8 73. Qg7 Qe4 74. Qd4+ Qxd4+ 75. Kxd4 Ke7 76. Nf5+ Kf6 77. Kc5 Kxf5
78. b4 Kg5 79. Kxc6 Kxh6 80. b5 Kg5 81. b6 h5 82. b7 h4 83. b8=Q Kf5 84. Kd5
Kg4 85. Ke4 Kg5 86. Qf8 h3 87. Qg7+ Kh4 88. Qg6 h2 89. Qf6+ Kg3 90. Qf3+ Kh4
91. Qf4+ Kh3 92. Qf1+ Kg3 93. Qh1 Kh4 94. Qxh2+ Kg5 95. Qd6 Kg4 96. Qg6+ Kh4
97. Kf4 Kh3 98. Qg3# 1-0

[Event "ICS rated blitz match"]
[Site "204.178.125.65"]
[Date "2000.02.27"]
[Round "?"]
[White "PostModernist"]
[Black "Hossa"]
[Result "1-0"]
[WhiteElo "2605"]
[BlackElo "2436"]
[PlyCount "103"]

1. c4 Nf6 2. Nf3 c6 3. g3 d5 4. Bg2 dxc4 5. Qc2 Qd5 6. Nc3 Qh5 7. Ne4 Nxe4 8.
Qxe4 Be6 9. Qf4 Na6 10. Ng5 Bd5 11. g4 Qg6 12. e4 Nb4 13. O-O h6 14. exd5 hxg5
15. Qxc4 Qh7 16. h3 Nxd5 17. Bxd5 cxd5 18. Qb5+ Kd8 19. Qxb7 Rc8 20. Qxa7 Qxh3
21. Qa5+ Kd7 22. Qxd5+ Kc7 23. Qg2 Qh7 24. d4 Qh6 25. Bd2 Kb8 26. Rfc1 Rxc1+
27. Rxc1 e5 28. Rc6 Qh2+ 29. Qxh2 Rxh2 30. Kxh2 exd4 31. Bxg5 Kb7 32. Rc4 f6
33. Bd2 Kb6 34. f4 g5 35. fxg5 fxg5 36. Rxd4 Bg7 37. Rb4+ Kc5 38. Kg2 Bf6 39.
a4 Kd6 40. a5 Kc7 41. a6 Bd4 42. Rxd4 Kc6 43. a7 Kb7 44. Ra4 Kb6 45. a8=Q Kc5
46. Ra5+ Kd6 47. Qc8 Ke7 48. Qc7+ Ke6 49. Re5+ Kf6 50. Qe7+ Kg6 51. Rxg5+ Kh6
52. Qg7# 1-0

[Event "ICS rated standard match"]
[Site "204.178.125.65"]
[Date "2000.02.27"]
[Round "?"]
[White "Hossa"]
[Black "manuelconj"]
[Result "1-0"]
[WhiteElo "2236"]
[BlackElo "1847"]
[PlyCount "83"]

1. c4 Nf6 2. Nc3 g6 3. Nf3 Bg7 4. g3 O-O 5. Bg2 d6 6. d4 c5 7. d5 Bd7 8. O-O
Na6 9. Re1 Nc7 10. Bf4 Nh5 11. Bg5 h6 12. Be3 a6 13. Qd2 Kh7 14. Ne4 f5 15. Nc3
b5 16. Qd3 b4 17. Nd1 f4 18. Bd2 Bf5 19. e4 fxe3 20. Qxe3 e5 21. dxe6 Nxe6 22.
Nh4 Nd4 23. Nxf5 Nxf5 24. Qd3 Nd4 25. Be4 Qf6 26. Bxa8 Rxa8 27. Re3 Rf8 28. f4
Nf5 29. Re4 d5 30. cxd5 Rd8 31. g4 Qh4 32. gxf5 gxf5 33. Re2 Bd4+ 34. Kh1 Rg8
35. Qxf5+ Kh8 36. Rg2 Ng3+ 37. Rxg3 Rxg3 38. Ne3 Bxe3 39. Bxe3 Rxe3 40. Qf8+
Kh7 41. Rg1 Re1 42. Qg8# 1-0

[Event "ICS rated standard match"]
[Site "204.178.125.65"]
[Date "2000.02.27"]
[Round "?"]
[White "manuelconj"]
[Black "Hossa"]
[Result "0-1"]
[WhiteElo "1844"]
[BlackElo "2239"]
[PlyCount "80"]

1. e4 c5 2. Nf3 d6 3. d4 cxd4 4. Nxd4 Nf6 5. Nc3 g6 6. f3 Bg7 7. Be3 O-O 8. Qd2
Nc6 9. h4 Bd7 10. Be2 Nh5 11. Kf2 Be5 12. g4 Ng3 13. Rh3 Nxe2 14. Ncxe2 h5 15.
Bh6 Qb6 16. c3 hxg4 17. Bxf8 gxh3 18. Bh6 Bf6 19. Bg5 Bxg5 20. hxg5 e5 21. Kg3
exd4 22. cxd4 Qb4 23. Rd1 Qxd2 24. Rxd2 Kg7 25. Nc3 Ne7 26. Rh2 Re8 27. f4 Rc8
28. a3 Rc4 29. Rd2 b5 30. Ne2 Bc8 31. Ng1 Bb7 32. Kf3 d5 33. Nxh3 dxe4+ 34. Ke2
Bd5 35. Nf2 Nf5 36. Nd1 Rxd4 37. Nc3 Bc4+ 38. Ke1 e3 39. Rh2 Rxf4 40. Ne2 Rg4
0-1